| 000 | 00401nam a2200169Ia 4500 | ||
|---|---|---|---|
| 003 | 0STCL | ||
| 008 | 150530s9999 xx 000 0 und d | ||
| 040 |
_aSTCL _cSTCL |
||
| 100 | _aVailoppilli Sreedharamenon | ||
| 245 | _aAnthichayunnu | ||
| 260 |
_bCurrent Book; Thrissur _c1995 _aThrissur |
||
| 300 | _a0 | ||
| 546 | _aMalayalam | ||
| 942 |
_2ddc _cBK |
||
| 999 |
_c47004 _d47004 |
||
| 005 | 20220125170718.0 | ||